Twelve management skills for success

Сохранить в:
Библиографические подробности
Главный автор: Narain, Ram
Формат:
Опубликовано: New Delhi : Viva Books, 2006.
Предметы:
Метки: Добавить метку
Нет меток, Требуется 1-ая метка записи!

MARC

LEADER 00000nam a2200000 4500
020 |a 8130901846  |c TZS 22000/= 
040 |a MUL  |b eng  |e AACR 
082 |a 658 NAR 
100 |a Narain, Ram 
245 |a Twelve management skills for success  |c / Ram Narain 
260 |a New Delhi :  |b Viva Books,  |c 2006. 
300 |a viii, 432p. :  |b ill. ;  |c 24 cm 
650 |a Communication skills  
650 |a Customer service 
650 |a Leadership skills 
650 |a Negotiation skills 
942 |c BK 
999 |c 4176  |d 4176